00637 2200217 4500001002100000005001700021008004100038020002200079035002400101082001800125084002400143100002200167245004700189260003700236300003500273500003100308650002500339700002300364850001200387990002000399INLIS00000000000001820170315135117.0  a978-979-29-3172-3 0010-081400000103211 223a338.04092 aDEP 338.04092 Emi K aEMIL SALIM, 1977- aKiat cerdas wirausaha aneka olahan kedelai aYogyakartabLily Publisherc2012 avi, 134 hlm.b: ilus. ;c26 cm aBibliografi : hlm. 133-134 aWiraswasta (Kedelai) aTh. Arie Prabawati aYOPDYOG aCB-D.112013-772